Statistics for 1969 New York Mets Roster

Click here to take the quiz!

General Stats

  • This quiz has been taken 120 times
  • The average score is 14 of 35

Answer Stats

HintAnswer% Correct
pitcherTom Seaver
99%
pitcherJerry Koosman
86%
outfielderCleon Jones
79%
pitcherNolan Ryan
73%
infielderEd Kranepool
72%
catcherJerry Grote
67%
infielderDonn Clendenon
64%
outfielderTommie Agee
64%
infielderBud Harrelson
60%
pitcherTug McGraw
59%
outfielderRon Swoboda
56%
infielderEd Charles
53%
pitcherGary Gentry
51%
infielderAl Weis
49%
outfielderArt Shamsky
45%
infielderWayne Garrett
44%
infielderKen Boswell
40%
catcherJ C Martin
39%
pitcherAl Jackson
33%
catcherDuffy Dyer
33%
pitcherJim McAndrew
32%
pitcherRon Taylor
27%
pitcherCal Koonce
26%
pitcherDon Cardwell
26%
pitcherBob Johnson
22%
outfielderAmos Otis
19%
outfielderRod Gaspar
16%
infielderBobby Pfeil
13%
pitcherDanny Frisella
12%
pitcherJack DiLauro
11%
infielderKevin Collins
8%
infielderBob Heise
5%
outfielderJim Gosger
5%
pitcherJesse Hudson
4%
pitcherLes Rohr
4%

Score Distribution

Percentile by Number Answered

Percent of People with Each Score

Your Score History

You have not taken this quiz